01694nam a2200445 i 450000100060000000300090000600500170001500800390003201500160007103500230008703500360011003500140014603500210016003500230018103500440020404000280024804600090027608000080028508000160029310000390030924500650034826000310041330000510044433600270049533700540052233800280057638000160060438000230062038000270064338800140067038800140068450400400069852102620073865000340100065000220103465500350105665800310109171000280112285600980115010723KOSZ 00520200507124135.0200507s1957 pl a f 000 0 pol aPB 1958/687 a991045991469705066 a(PL-WaBN)b22617024-48omnis_nlop ab22617024 a(OCoLC)812691006 a(PL)b0000002261702 a(EXLNZ-48OMNIS_NETWORK)9910286646005606 aWA NcWA NdKOSZ 005/RW k1957 a691 a725.1:66/691 aDowgird, Romand(1902-1985)eAutor10aPrefabrykacja w budownictwie przemysłowym /cRoman Dowgird. aWarszawa :bArkady,c1957. a351, [1] stron :bilustracje, errata ;c25 cm. aTekstbtxt2rdacontent aBez urządzenia pośredniczącegobn2rdamedia aWoluminbnc2rdacarrier aKsiążki aPublikacje fachowe aPublikacje dydaktyczne a1901-2000 a1945-1989 aBibliografia na stronach 351-[352].8 aKsiążka jest przeznaczona dla inżynierów i techników budowlanych, zatrudnionych w biurach projektowych oraz w wykonawstwie. Poza tym może ona być wykorzystywana jako literatura pomocnicza na Wydziałach Budownictwa Lądowego i Przemysłowego. 7aBudownictwo przemysłowe2DBN 7aPrefabrykaty2DBN 7aPodręczniki akademickie2DBN aArchitektura i budownictwo2 aWydawnictwo Arkady4pbl uhttp://koha.tu.koszalin.pl/cgi-bin/koha/opac-detail.pl?biblionumber=10723yKatalog online BPK